000 00876nam a2200253Ia 4500
003 OSt
005 20220930091040.0
006 a|||||r|||| 00| 0
007 ta
008 220926b |||||||| |||| 00| 0 eng d
024 _a3414
037 _cTheses
040 _aCRL
_cCRL
_beng
041 _2eng
_aeng
100 _aDinesh Kumar
110 _aUniversity of Delhi. Faculty of Medical Science. Department of Pharmacology
_9520164
245 0 _aEvaluation of antioxidant potential of emblica officinalis and murraya koenigii and their role in mudulation of cognitive function in diabetic rats
260 _c2011
650 _aPHARMACOLOGY
700 _a Naresh Khanna Gu.
_9544589
700 _aUniversity of Delhi. Faculty of Medical Science. Department of Pharmacology
_9520166
942 _cDIS
_2CC
999 _c881557
_d881557